000 00738nam a2200229 i 4500
001 56805
003 ES-MaACL
005 20230906163440.0
007 t|
008 031013s1986 sp ||||1| spa d
020 _a84-01-33
245 0 0 _aDiez años en la vida de los españoles /
_cJuan María Laboa...[et al.].
250 _a[1ª ed.].
260 _aEsplugues de Llobregat (Barcelona) :
_bPlaza & Janés,
_c1986.
300 _a268 p. ;
_c22 cm.
490 1 _aEpoca
500 _aConjunto de ponencias presentadas en el seminario "diez años en la vida de los españoles" (Cuenca, 1985)
700 1 _aLaboa, Juan María.
_969241
830 0 _aEpoca
_9183351
852 _aES-MaACL
_jL-10514
_bR.111595
999 _c56805
_d56805